000
00326nam a2200145Ia 4500
008
090124s9999 xx 000 0 und d
082
_b
43780
245
_a
THE LIFE DIVINE
250
_a
0
260
_b
SRI AUROBINDO ASHRAM
300
_a
15
630
_a
THE LIFE DIVINE
730
_a
THE LIFE DIVINE
942
_c
BOOK
999
_c
110113
_d
110113